Loading...
Any History | 0 | 9 | 0 | 1 | 90 | 42 | 100.44 | 2 | 3 |
Social Science | 0 | 6 | 1 | 1 | 55 | 80 | 108.17 | 0 | 1 |
History - American History | 0 | 4 | 1 | 0 | 35 | 72 | 94.50 | 0 | 2 |
Literature - European Literature | 0 | 4 | 2 | 0 | 30 | 41 | 103.50 | 1 | 2 |
History - European History | 0 | 4 | 4 | 0 | 20 | 55 | 82.75 | 0 | 0 |
Literature - American Literature | 0 | 2 | 0 | 1 | 20 | 137 | 142.00 | 0 | 0 |
Literature - British Literature | 0 | 2 | 0 | 1 | 20 | 137 | 142.50 | 0 | 0 |
Religion | 0 | 2 | 0 | 1 | 20 | 107 | 113.50 | 0 | 0 |
Painting & Sculpture | 0 | 2 | 0 | 0 | 20 | 115 | 128.00 | 0 | 0 |
Literature - World Literature | 0 | 2 | 0 | 0 | 20 | 122 | 128.50 | 0 | 0 |
Science - Biology | 0 | 2 | 1 | 0 | 15 | 118 | 122.50 | 0 | 0 |
Fine Arts - Classical Music | 0 | 1 | 0 | 0 | 10 | 139 | 139.00 | 0 | 0 |
History - World History | 0 | 2 | 2 | 0 | 10 | 71 | 78.50 | 0 | 1 |
Philosophy | 0 | 1 | 1 | 1 | 5 | 138 | 138.00 | 0 | 0 |
Other Academic | 0 | 1 | 2 | 0 | 0 | 126 | 126.00 | 0 | 0 |
Geography | 0 | 1 | 2 | 0 | 0 | 101 | 101.00 | 0 | 0 |
Science - Physics | 0 | 0 | 0 | 0 | 0 | 0.00 | 0 | 0 | |
Science - Other Science | 0 | 0 | 1 | 0 | -5 | 0.00 | 0 | 0 | |
Fine Arts - Other Fine Arts | 0 | 0 | 2 | 0 | -10 | 0.00 | 0 | 0 |